Turancar BUSPORT - administratívna budova a servisná hala

Gespeichert in:
Bibliographische Detailangaben
1. Verfasser: Franta, Juraj (Verfasst von)
Weitere Verfasser: Jankovichová, Eva (Betreuung Doktorarbeit)
Format: Manuskript Buch
Sprache:Slowakisch
Veröffentlicht: 2015
Schlagworte:
Online-Zugang:http://is.stuba.sk/zp/portal_zp.pl?podrobnosti=109272
https://opac.crzp.sk/?fn=detailBiblioForm&sid=78283B71680DBAF2154BD31D22D4
Tags: Tag hinzufügen
Keine Tags, Fügen Sie das erste Tag hinzu!

MARC

LEADER 00000ntm a22000003a 4500
001 stuzp51822
003 SK-STU
005 20231012112119.0
007 ta
008 150427s2015----xo-----f-mn---000-0-slo-d
040 |a STU  |b slo 
041 0 |a slo 
100 1 |a Franta, Juraj  |u 010270  |4 aut  |U SvF Stavebná fakulta  |T SvF Katedra technológie stavieb  |X 66848  |U V270  |Y 28  |7 A000066848 
242 0 1 |a Turancar BUSPORT - administratívna budova a servisná hala  |y eng 
245 1 0 |a Turancar BUSPORT - administratívna budova a servisná hala 
260 |c 2015 
650 4 |a Turancar  |2 slo 
650 4 |a prevetrávaná fasáda  |2 slo 
650 4 |a servisná hala  |2 slo 
650 4 |a Turancar  |2 eng 
650 4 |a ventilation facade  |2 eng 
650 4 |a service hall  |2 eng 
700 1 |a Jankovichová, Eva  |4 ths  |X 647  |7 A000000647 
856 4 |u http://is.stuba.sk/zp/portal_zp.pl?podrobnosti=109272 
856 4 |u https://opac.crzp.sk/?fn=detailBiblioForm&sid=78283B71680DBAF2154BD31D22D4 
SQL |a stuzp51822  |b DDP  |c SLO  |d Turancar BUSPORT - administratívna budova a servisná hala  |e 66848  |f Franta, Juraj  |g 010270  |h 647  |i Jankovichová, Eva  |j 20150618  |k 681  |l 01  |m http://is.stuba.sk/zp/portal_zp.pl?podrobnosti=109272  |n I-TS  |o 5.2.8. stavebníctvo